Formula One Driver to Country - Click Quiz - Statistics

General Stats
  • This quiz has been taken 34,747 times
  • The average score is 15 of 20
Answer Stats
Hint Answer % Correct
Yuki Tsunoda Japan
93%
Lewis Hamilton United Kingdom
91%
Zhou Guanyu China
89%
Max Verstappen Netherlands
86%
Fernando Alonso Spain
86%
Kimi Räikkönen Finland
85%
Kimi Antonelli Italy
83%
Sergio Pérez Mexico
80%
Charles Leclerc Monaco
79%
Ayrton Senna Brazil
78%
Kevin Magnussen Denmark
78%
Daniel Ricciardo Australia
74%
Niki Lauda Austria
71%
Lance Stroll Canada
68%
Alain Prost France
68%
Juan Manuel Fangio Argentina
61%
Juan Pablo Montoya Colombia
57%
Bruce McLaren New Zealand
41%
Mario Andretti United States
41%
Jacky Ickx Belgium
40%
No matching quizzes found
Score Distribution
Percent of People with Each Score
Percentile by Number Answered
Your Score History
You have not taken this quiz